000 03117cam a22012014i 4500
003 PE-LiUPU
005 20250813185620.0
008 150706s r 000 0 d
035 _a(Sirsi) a52098
040 _aPE-LiUPU
_bspa
_cPE-LiUPU
_erda
049 _aPRUA
082 0 4 _a378.4081
_bF54
_221
100 1 _aFinger, Almeri Paulo,
_eautor.
245 1 0 _aCentros universitários :
_bproposta e gestão /
_cAlmeri Paulo Finger y Sérgio Ferraz de Lima.
264 1 _aCuritiva, Parana, Brasil :
_bUniversitária Champagnat,
_c1999.
300 _a123 páginas ;
_c18 cm.
336 _atext
_2rdacontent
337 _aunmediated
_2rdamedia
338 _avolume
_2rdacarrier
490 0 _aSérie Educacao: Teoria e práctica ;
_v5
505 0 _aCentros universitários: sua forma -- Centros universitários: aspectos legais -- Centros universitários; aspectos pedagógicos -- Proposta academica para Centros universitários -- Proposta de gestao dos Centros universitários pela metodología de projetos.
526 _aP202
526 _aP201
526 _aP163
526 _aP162
526 _aP161
526 _aP160
526 _aP148
526 _aP147
526 _aP146
526 _aP145
526 _aP144
526 _aP143
526 _aP142
526 _aP141
526 _aP140
526 _aP139
526 _aP138
526 _aP137
526 _aP136
526 _aP135
526 _aP134
526 _aP133
526 _aP129
526 _aP128
526 _aP127
526 _aP120
526 _aP119
526 _aP118
526 _aP116
526 _aP115
526 _aP114
526 _aP110
526 _aP109
526 _aP108
526 _aP104
526 _aP103
526 _aP102
526 _aP99
526 _aP98
526 _aP97
526 _aP96
526 _aP95
526 _aP93
526 _aP90
526 _aP89
526 _aP88
526 _aP83
526 _aP82
526 _aP62
526 _aP59
526 _aP58
526 _aP57
526 _aP51
526 _aP49
526 _aP48
526 _aP47
526 _aP29
526 _aP24
526 _aP20
526 _aP19
526 _aP17
526 _aP15
526 _aP14
526 _aP12
526 _aP10
526 _aP09
526 _aP08
526 _aP07
526 _aP06
526 _aP05
526 _aP04
526 _aP01
650 0 4 _aUniversidades
_zBrasil.
700 1 _aLima, Sérgio Ferraz de,
_eautor.
910 _agl
_clch
_d20130413
942 _2ddc
_cBOOK
949 _a378.4081 F54
_wDEWEY
_c1
_i66532
_lCCODEBUL1
_mBUL
_p11.00
_r0
_sY
_tLIBRO
_u2015-07-06
_xBIBLIOTECA
_zUNKNOWN
_o.STAFF. Colección General
994 _aC0
_bPEPRU
596 _a1
999 _a378.4081 F54
_wDEWEY
_c54692
_i66532
_f2021-11-8
_g5
_lCCODEBUL1
_mBUL
_p11.00
_r0
_sN
_tBOOK
_u2015-7-6
_xEDUCACION
_zUNKNOWN
_0COMPRA
_o.STAFF. Colección General
_d54692
980 _81
_gALBERTO SANCHEZ Responsable de Automatización